000 00589nam a22002177a 4500
003 UA-OsUOA
001 116776
007 ta
008 20160404b un ||||| |||| 00| 0 ukr d
100 _aБорейко В.
090 _a330(477)
_bБ82
942 _cSA
040 _aUA-OsUOA
_bukr
_cUA-OsUOA
_dUA-OsUOA
245 _aШляхи виходу економіки України з кризи
300 _aС.17-20
955 _a0
041 _aukr
080 _a330(477)
773 0 _w116774
_tЕкономіст
_dК.
_d2016
_g2
650 7 _a330 Економіка взагалі
_2UDC
999 _c402688
_d402688